Statistics for Twenty One Pilots lyrics - Trench

Click here to take the quiz!

General Stats

  • This quiz has been taken 21 times
  • The average score is 5 of 9

Answer Stats

LyricAnswer% Correct
"I'll mourn for a kid but won't ___ ___ __ _____"cry for a king
93%
Hid you in my coat pocket, where i keep my _____ ___"rebel red
73%
" But you don't get thick skin without getting _____ "burnt
67%
" I'm surrounded and I'm hounded, theres no ____ or _____ or _____ itabove under around
60%
"What i say when i want to be enough what a ______ ___ for making a break for it."beautiful day
47%
"Though i am bruised, face of __________ "contusions
47%
" A _____ from you is all that i would need right now, man."curse
40%
"I look forward to having a _____ with you again."lunch
40%
" For you, I know I would get messed up, weigh ____ "153
40%

Score Distribution

Percentile by Number Answered

Percent of People with Each Score

Your Score History

You have not taken this quiz